[Event "SVK-chT2C 1112"]
[Site "Slovakia"]
[Date "2011.12.03"]
[Round "5.7"]
[White "Minich, Miroslav"]
[Black "Holeczy, Michal"]
[Result "0-1"]
[WhiteElo "1929"]
[BlackElo "1851"]
[PlyCount "80"]
[EventDate "2011.10.08"]
[EventType "team-tourn"]
[EventRounds "11"]
[EventCountry "SVK"]
[SourceTitle "EXT 2013"]
[Source "ChessBase"]
[SourceDate "2012.11.22"]
[SourceVersion "1"]
[SourceVersionDate "2012.11.22"]
[SourceQuality "1"]
[WhiteTeam "Zvolen Slavia"]
[BlackTeam "Banska Bystrica Veza"]
[WhiteTeamCountry "SVK"]
[BlackTeamCountry "SVK"]

1. e4 c5 2. Nc3 Nc6 3. g3 Nf6 4. Bg2 d6 5. Nge2 e6 6. 0-0 Be7 7. d3 0-0 8. f4 a6 9. a4 Rb8 10. h3 Ne8 11. g4 Nc7 12. Ng3 Bd7 13. f5 Ne5 14. Nh5 exf5 15. gxf5 f6 16. Bf4 Be8 17. Bf3 Kh8 18. Kh1 Rg8 19. Rg1 g6 20. Bh6 g5 21. h4 Nf7 22. hxg5 fxg5 23. Bg7+ Rxg7 24. Nxg7 Kxg7 25. Ne2 Kh8 26. Ng3 Ne5 27. Bh5 Bc6 28. Qe2 Qf8 29. b3 Qh6 30. Kg2 Bf6 31. Rh1 Qg7 32. Raf1 Rc8 33. Bg6 Nxg6 34. fxg6 Qxg6 35. Nf5 Ne8 36. Kh3 Qg8 37. Qf3 Rc7 38. Qh5 d5 39. Kg3 dxe4 40. Qe2 exd3 0-1

[Event "SVK-chT2C 1112"]
[Site "Slovakia"]
[Date "2011.10.08"]
[Round "1.7"]
[White "Holeczy, Michal"]
[Black "Ondras, Michal"]
[Result "0-1"]
[WhiteElo "1851"]
[BlackElo "1941"]
[PlyCount "94"]
[EventDate "2011.10.08"]
[EventType "team-tourn"]
[EventRounds "11"]
[EventCountry "SVK"]
[SourceTitle "EXT 2013"]
[Source "ChessBase"]
[SourceDate "2012.11.22"]
[SourceVersion "1"]
[SourceVersionDate "2012.11.22"]
[SourceQuality "1"]
[WhiteTeam "Banska Bystrica Veza"]
[BlackTeam "Cadca II"]
[WhiteTeamCountry "SVK"]
[BlackTeamCountry "SVK"]

1. e4 g6 2. d4 Bg7 3. g3 d6 4. Bg2 Nf6 5. Ne2 0-0 6. 0-0 e5 7. d5 Nbd7 8. c4 Ne8 9. Nbc3 f5 10. Qc2 Nc5 11. b4 Nxe4 12. Nxe4 fxe4 13. Nc3 Nf6 14. Nxe4 Bf5 15. Nxf6+ Qxf6 16. Be4 Bxe4 17. Qxe4 Qf5 18. Qxf5 gxf5 19. Bb2 Rae8 20. Rfe1 e4 21. Bxg7 Kxg7 22. Re3 Re7 23. Rae1 Rfe8 24. f3 Kf6 25. f4 c6 26. Rd1 Rd7 27. Kf2 Rc8 28. Ra3 cxd5 29. cxd5 Rc2+ 30. Kg1 a6 31. Rb3 Rxa2 32. Rc1 Rd2 33. b5 Rxd5 34. bxa6 bxa6 35. Rb8 Ra7 36. Rcc8 Rd1+ 37. Kf2 a5 38. Ke2 Rd3 39. Rf8+ Rf7 40. Rfd8 Rc7 41. Rf8+ Kg6 42. Rg8+ Kf7 43. Rbf8+ Ke6 44. g4 Rc2+ 45. Ke1 Ra3 46. gxf5+ Kd5 47. Kd1 Rxh2 0-1

[Event "SVK-chT2C 10/11"]
[Site "Slovakia"]
[Date "2011.03.06"]
[Round "9.2"]
[White "Prielozny, Eduard"]
[Black "Holeczy, Michal"]
[Result "0-1"]
[WhiteElo "1936"]
[BlackElo "1843"]
[PlyCount "82"]
[EventDate "2010.10.23"]
[EventType "team-tourn"]
[EventRounds "11"]
[EventCountry "SVK"]
[SourceTitle "EXT 2019"]
[Source "ChessBase"]
[SourceDate "2018.10.10"]
[SourceVersion "1"]
[SourceVersionDate "2018.10.10"]
[SourceQuality "1"]
[WhiteTeam "Zilina Mladost II"]
[BlackTeam "Banska Bystrica CVC"]
[WhiteTeamCountry "SVK"]
[BlackTeamCountry "SVK"]

1. d4 d5 2. c4 e6 3. Nc3 b6 4. Bf4 Bb7 5. Nf3 Bd6 6. Bg3 Nf6 7. e3 0-0 8. Bd3 a6 9. a4 c5 10. 0-0 Bxg3 11. hxg3 Nbd7 12. b3 Re8 13. Ne5 Qc7 14. Nxd7 Qxd7 15. Ne2 e5 16. dxe5 Rxe5 17. cxd5 Rxd5 18. Nf4 Rd6 19. Qc2 g5 20. Bf5 Qc6 21. f3 gxf4 22. gxf4 Rad8 23. Qf2 Rd2 24. Qh4 h5 25. e4 Bc8 26. Qg5+ Kf8 27. Qh6+ Ke7 28. Bxc8 Rxc8 29. e5 Ng8 30. Qg5+ Kf8 31. f5 Qh6 32. Qg3 h4 33. Qh3 Qe3+ 34. Kh1 Qxe5 35. Qxh4 Qxf5 36. Rae1 Qg6 37. Rf2 Rxf2 38. Qxf2 Qd6 39. Qe2 a5 40. Qb5 Rd8 41. Kg1 Ne7 0-1

[Event "SVK-chT2C 0910"]
[Site "Slovakia"]
[Date "2010.02.27"]
[Round "10.8"]
[White "Kekely, Lubos"]
[Black "Holeczy, Michal"]
[Result "1-0"]
[WhiteElo "2072"]
[BlackElo "1861"]
[PlyCount "55"]
[EventDate "2009.10.10"]
[EventType "team-tourn"]
[EventRounds "11"]
[EventCountry "SVK"]
[SourceTitle "EXT 2011"]
[Source "ChessBase"]
[SourceDate "2010.11.26"]
[SourceVersion "1"]
[SourceVersionDate "2010.11.26"]
[SourceQuality "1"]
[WhiteTeam "Zilina DMS"]
[BlackTeam "Banska Bystrica Junior II"]
[WhiteTeamCountry "SVK"]
[BlackTeamCountry "SVK"]

1. e4 c5 2. Nf3 Nc6 3. d4 cxd4 4. Nxd4 Nf6 5. Nc3 e5 6. Ndb5 d6 7. Bg5 a6 8. Na3 Be7 9. Bxf6 Bxf6 10. Nc4 Be7 11. Nd5 Bf8 12. Qd2 b5 13. Nce3 Rb8 14. c3 g6 15. Be2 Bh6 16. Rd1 a5 17. Qd3 0-0 18. h4 Be6 19. b3 f5 20. h5 Bg5 21. hxg6 hxg6 22. Bf3 Qc8 23. exf5 gxf5 24. Rh5 Qd8 25. Qf1 e4 26. Qh1 exf3 27. Rh8+ Kf7 28. Qh5+ 1-0